Developing managers through behaviour modelling

Bibliographic Details
Main Author: Robinson, James C.
Format: Book
Published: Austin, Texas : Learning Concepts , 1982
Subjects:

MARC

LEADER 00000cam a2200000 7i4500
001 0000002121
005 20030129.0
020 |a 0893820645 
040 |a INS 
090 0 0 |a HF5549.5.T7   |b R53 1982 
100 1 |a Robinson, James C. 
245 1 0 |a Developing managers through behaviour modelling   |c James C. Robinson 
260 |a Austin, Texas :   |b Learning Concepts ,   |c 1982 
300 |a xi, 219p ;   |c 24 cm. 
650 0 0 |a Management 
650 0 0 |a Office management 
650 0 0 |a Personnal management 
999 |a 0000000506   |b BOOK   |c Open Shelf   |e Default branch